[Event "89_| Campeonato Brasileiro 2023"]
[Site "Recife"]
[Date "2023.12.20"]
[Round "10.5"]
[White "Di Berardino, Diego Rafael"]
[Black "Pinheiro, Iung Alicio de O."]
[Result "1-0"]
[WhiteElo "2477"]
[BlackElo "2274"]
[PlyCount "69"]
[EventDate "2023.??.??"]
[EventCountry "BRA"]
[WhiteTeam "BRA"]
[BlackTeam "BRA"]
[TimeControl "90+30"]
[WhiteClock "0:08:41"]
[BlackClock "0:00:51"]

{[%evp 11,69,0,18,18,47,42,47,50,43,18,26,9,78,41,48,35,70,2,0,-33,-37,-42,-39,
-40,-37,-41,-3,-53,-26,-25,0,0,73,-27,136,139,144,139,135,139,141,157,147,0,0,
0,0,0,0,0,0,0,0,0,0,0,0,0,3761,-65]} 1. d4 {[%emt 0:00:00]} Nf6 {[%emt 0:00:00]
} 2. c4 {[%emt 0:00:00]} e6 {[%emt 0:00:00]} 3. Nc3 {[%emt 0:00:00]} Bb4 {
[%emt 0:00:00]} 4. e3 {[%emt 0:00:00]} O-O {[%emt 0:00:00]} 5. Bd3 {[%emt 0:00:
00]} d5 {[%emt 0:00:00]} 6. Nge2 {[%emt 0:00:00]} Re8 {[%emt 0:00:00]} 7. O-O {
[%emt 0:00:00] E48: Nimzo-Indian: Rubinstein: 5 Bd3 d5 including 6 Ne2, but
excluding 6 a3.} b6 {[%emt 0:00:00]} 8. e4 {[%emt 0:00:00]} dxe4 $1 {[%emt 0:
00:00]} 9. Nxe4 {[%emt 0:00:00] White is slightly better.} Nbd7 {[%emt 0:00:00]
} 10. Qc2 {[%emt 0:00:00]} Be7 {[%emt 0:00:00]} 11. c5 $146 {[%emt 0:00:00]} ({
Predecessor:} 11. b3 Bb7 12. Bb2 a5 13. N2c3 g6 14. Rad1 Bf8 15. Rfe1 Bg7 16.
a3 Nh5 17. Bf1 {1/2-1/2 (43) Kalogridis,A (2280)-Ioannidis,E (2500)
Thessaloniki 2022}) 11... Nf8 {[%eval 78,27] [%emt 0:00:00]} (11... a5 $11 {
[%eval 9,29] keeps the balance.}) 12. Rd1 {[%emt 0:00:00]} Nd5 $1 {[%emt 0:00:
00]} 13. a3 {[%emt 0:00:00]} a5 {[%emt 0:00:00]} 14. N2c3 {[%eval 2,28] [%emt
0:00:00]} (14. Bb5 $1 $14 {[%eval 70,27]}) 14... Ba6 $11 {[%emt 0:00:00]} 15.
Nb5 {[%emt 0:00:00]} f5 {[%emt 0:00:00]} 16. Ng3 {[%emt 0:00:00]} c6 {[%emt 0:
00:00]} 17. Nc3 {[%emt 0:00:00]} Bxd3 {[%emt 0:00:00]} 18. Rxd3 {[%emt 0:00:00]
} b5 {[%emt 0:00:00]} 19. Bd2 {[%eval -53,23] [%emt 0:00:00]} (19. Nxd5 $11 {
[%eval -3,31]} Qxd5 20. Bf4) 19... Ng6 {[%emt 0:00:00]} 20. Re1 {[%emt 0:00:00]
} a4 {[%emt 0:00:00]} (20... Bf6 {is more complex.} 21. Nh5 Ra7 22. Nxf6+ Nxf6
23. Bg5 h6) 21. Rxe6 {[%emt 0:00:00]} Ndf4 {[%eval 73,34] [%emt 0:00:00]} (
21... b4 $11 {[%eval 0,32] remains equal.} 22. Nxd5 (22. Nxa4 Ngf4 $15) 22...
Qxd5) 22. Rxg6 {[%eval -27,37] [%emt 0:00:00]} ({White should play} 22. Bxf4 $1
$16 {[%eval 73,34]} Nxf4 23. Rxc6) 22... Nxd3 $2 {[%eval 136,30] [%emt 0:00:00]
[#]} (22... Nxg6 $11 {[%eval -27,37]} 23. Nxf5 Qd7) 23. Rxg7+ $1 $16 {[%emt 0:
00:00][%mdl 512]} Kxg7 {[%emt 0:01:44]} 24. Nxf5+ {[%emt 0:00:00]} Kh8 {
[%emt 0:01:17]} 25. Qxd3 {[%emt 0:00:00]} Bxc5 {[%emt 0:00:30]} 26. Ne4 {
[%emt 0:00:00] Bc3 is the strong threat.} Bf8 {[%emt 0:00:30] [#]} 27. d5 {
[%eval 0,46] [%emt 0:00:00]} (27. Bc3 $1 $16 {[%eval 147,29]} Rxe4 28. Qxe4 (
28. d5+ Kg8 $11)) 27... Rxe4 $1 $11 {[%emt 0:00:30]} 28. Bc3+ {[%emt 0:02:14]}
Kg8 {[%emt 0:08:19]} 29. Qxe4 $40 {[%emt 0:00:05][%cal Re4e6][%mdl 128] White
mounts an attack.} Qxd5 {[%emt 0:01:04]} 30. Qg4+ {[%emt 0:00:30]} Kf7 {
[%emt 0:00:30]} 31. h4 {[%emt 0:00:30]} Ke8 {[%emt 0:00:30]} 32. Ne3 {[%emt 0:
05:50]} Qf7 {[%emt 0:01:45]} 33. Qe4+ {[%emt 0:00:30][%mdl 64] Double Attack}
Kd7 {[%emt 0:00:30]} 34. Ng4 $1 {[%emt 0:00:30][%cal Rg4e5] Hoping for Ne5+.}
Be7 $2 {[%eval 3761,26] [%emt 0:00:30][%mdl 8192]} (34... Bd6 $11 {[%eval 0,33]
}) 35. Ne3 $2 {[%eval -65,31] [%emt 0:00:10][%mdl 32768] Accuracy: White = 63%,
Black = 69%. . Loss on time!?} ({Only move:} 35. Ne5+ $18 {[%eval 3761,26]} Ke8
36. Qxc6+ {[%mdl 64] Double Attack} Kf8 37. Nxf7) 1-0

[Event "89_| Campeonato Brasileiro 2023"]
[Site "Recife"]
[Date "2023.12.20"]
[Round "10.6"]
[White "Matsuura, Everaldo"]
[Black "Aranha Filho, Alvaro Z."]
[Result "1-0"]
[WhiteElo "2418"]
[BlackElo "2182"]
[PlyCount "74"]
[EventDate "2023.??.??"]
[EventCountry "BRA"]
[WhiteTeam "BRA"]
[BlackTeam "BRA"]
[TimeControl "90+30"]
[WhiteClock "0:07:07"]
[BlackClock "0:27:58"]

{[%evp 17,74,29,30,32,35,41,107,100,116,122,203,167,184,195,196,104,171,160,
172,147,157,112,125,121,141,141,148,146,146,123,184,175,185,170,165,147,201,
187,248,254,249,258,292,284,281,201,213,189,428,283,403,336,450,377,571,612,
892,795,29999]} 1. c4 {[%emt 0:00:00]} e6 {[%emt 0:00:00]} 2. Nf3 {[%emt 0:00:
00]} d5 {[%emt 0:00:00]} 3. e3 {[%emt 0:00:00]} Nf6 {[%emt 0:00:00]} 4. Nc3 {
[%emt 0:00:00]} Be7 {[%emt 0:00:00]} 5. b3 {[%emt 0:00:00]} O-O {[%emt 0:00:00]
} 6. Bb2 {[%emt 0:00:00]} c5 {[%emt 0:00:00]} 7. cxd5 {[%emt 0:00:00]} Nxd5 {
[%emt 0:00:00]} 8. Nxd5 {[%emt 0:00:00]} Qxd5 {[%emt 0:00:00]} 9. Bc4 {[%emt 0:
00:00]} Qd8 {[%emt 0:00:00]} 10. O-O {[%emt 0:00:00] A13: English Opening: 1...
e6.} Nc6 {[%emt 0:00:00]} 11. Qc2 {[%emt 0:00:00]} Bf6 $146 {[%eval 107,29] 
[%emt 0:00:00]} (11... Bd7 $14 {[%eval 41,29]}) ({Predecessor:} 11... b6 12.
Rfd1 Bf6 13. d4 Qe7 14. dxc5 Bxb2 15. Qxb2 bxc5 16. Bd3 Bb7 17. Be4 Rfd8 {
1/2-1/2 (36) Gukesh,D (2563)-Visakh,N (2516) Chess.com INT 2020}) 12. Bxf6 $1
$16 {[%emt 0:00:00] White is better.} Qxf6 {[%emt 0:00:00]} 13. Bd3 {[%emt 0:
00:00]} h6 {[%eval 203,29] [%emt 0:00:00]} (13... b6 $16 {[%eval 122,33]}) 14.
Qxc5 {[%emt 0:00:00]} Rd8 {[%emt 0:00:00]} 15. Be4 {[%emt 0:00:00]} Bd7 {
[%emt 0:00:00]} 16. Qc3 {[%eval 104,29] [%emt 0:00:00]} (16. d4 $18 {[%eval
196,28]}) 16... Qe7 {[%eval 171,28] [%emt 0:00:00]} (16... Qxc3 $16 {[%eval
104,29]} 17. dxc3 f5) 17. d4 $18 {[%emt 0:00:00]} Rac8 {[%emt 0:00:00]} 18. Qb2
{[%emt 0:00:00]} f5 {[%emt 0:00:00]} 19. Bxc6 {[%eval 112,32] [%emt 0:00:00]} (
19. Bc2 $142 {[%eval 157,30]}) 19... Bxc6 $16 {[%emt 0:00:00]} 20. Ne5 {
[%emt 0:00:00]} Be4 {[%emt 0:00:00] next ...Rc2 is good for Black.} 21. Rac1 {
[%emt 0:00:00]} Qg5 {[%emt 0:00:00][%csl Ge4][%cal Rg5g2] [#]} 22. g3 $1 {
[%emt 0:00:00]} Qh5 {[%emt 0:00:00]} 23. Rc3 {[%emt 0:00:00]} Rxc3 {[%eval 184,
30] [%emt 0:00:00]} (23... a5 $16 {[%eval 123,30]} 24. f3 Bd5 25. Rxc8 Rxc8)
24. Qxc3 $18 {[%emt 0:00:00]} Bd5 {[%emt 0:00:00]} 25. f3 {[%emt 0:00:00]} Qe8
{[%emt 0:00:00]} 26. Qd3 {[%emt 0:00:00]} b5 {[%eval 201,31] [%emt 0:00:00]} (
26... a5 $16 {[%eval 147,33] was worth a try.} 27. Rf2 Qe7) 27. Rc1 {[%emt 0:
00:00]} Rc8 {[%eval 248,25] [%emt 0:00:00] [#]} (27... a5 {[%eval 187,31]
keeps fighting.} 28. Qd2 b4) 28. Rc5 $1 {[%emt 0:00:00]} Rxc5 {[%emt 0:00:00]}
29. dxc5 {[%emt 0:00:00]} Qb8 {[%emt 0:00:00]} 30. Qd4 {[%emt 0:00:00]} Qb7 {
[%emt 0:00:00]} 31. Kf2 {[%emt 0:00:00]} b4 {[%emt 0:00:00]} 32. h4 {[%emt 0:
00:00]} h5 $2 {[%eval 428,29] [%emt 0:00:00]} (32... Qa6 {[%eval 189,30] might
work better.}) 33. Ng6 {[%emt 0:08:57]} Kf7 {[%eval 403,32] [%emt 0:00:00]} (
33... Qa6 $142 {[%eval 283,30]} 34. Qd2 Qa5) 34. Nf4 {[%emt 0:00:31]} Bxf3 {
[%emt 0:00:00]} 35. Qe5 {[%emt 0:00:29]} Qc6 {[%eval 571,41] [%emt 0:00:00] [#]
} (35... Qa6 {[%eval 377,35] is a better defense.} 36. Qc7+ Kg8) 36. Nxe6 $1 {
[%emt 0:02:35][%mdl 512]} Qd5 {[%emt 0:00:00]} (36... Qxe6 37. Qxe6+) 37. Ng5+
{[%emt 0:00:21][%mdl 64] Double Attack} Kg8 {[%emt 0:00:00] Accuracy: White =
73%, Black = 34%.} 1-0

[Event "89_| Campeonato Brasileiro 2023"]
[Site "Recife"]
[Date "2023.12.20"]
[Round "10.7"]
[White "Casalaspro, Mathias Andre"]
[Black "Molina, Roberto Junio Brito"]
[Result "0-1"]
[WhiteElo "2054"]
[BlackElo "2381"]
[PlyCount "58"]
[EventDate "2023.??.??"]
[EventCountry "BRA"]
[WhiteTeam "BRA"]
[BlackTeam "BRA"]
[TimeControl "90+30"]
[WhiteClock "0:28:25"]
[BlackClock "0:27:58"]

{[%evp 9,58,0,0,-5,28,0,0,0,0,0,0,0,0,0,13,-9,-7,-17,-17,-40,0,-59,8,-33,0,-3,
29,25,107,56,54,60,50,57,54,-22,-32,-227,-72,-192,-57,-165,-157,-158,-75,-93,
-60,-149,-140,-254,44]} 1. e4 {[%emt 0:00:00]} c5 {[%emt 0:00:00]} 2. d4 {
[%emt 0:00:00]} cxd4 {[%emt 0:00:00]} 3. Qxd4 {[%emt 0:00:00]} Nc6 {[%emt 0:00:
00]} 4. Qd3 {[%emt 0:00:00]} Nf6 {[%emt 0:00:00]} 5. Nc3 {[%emt 0:00:00]} e6 {
[%emt 0:00:00]} 6. Bf4 {[%emt 0:00:00] B21: Sicilian: 2 f4 and Morra Gambit.}
Bb4 {[%emt 0:00:00]} 7. Bd6 $146 {[%emt 0:00:00]} ({Predecessor:} 7. Nge2 O-O
8. O-O-O d5 9. exd5 exd5 10. Nxd5 Nxd5 11. Qxd5 Qe7 12. Bd6 Bxd6 13. Qxd6 {
1/2-1/2 (69) Shimanov,A (2581)-Caruana,F (2766) Chess.com INT 2023}) 7... Bxd6
{[%emt 0:00:00]} 8. Qxd6 {[%emt 0:00:00] The position is equal.} Qe7 {[%emt 0:
00:00]} 9. O-O-O {[%emt 0:00:00]} Qxd6 {[%emt 0:00:00]} 10. Rxd6 {[%emt 0:00:
00]} Ke7 {[%emt 0:00:00]} 11. Rd2 {[%emt 0:00:00]} d6 {[%emt 0:00:00]} 12. f3 {
[%emt 0:00:00]} a6 {[%emt 0:00:00]} 13. a4 {[%emt 0:00:00]} Bd7 {[%emt 0:00:00]
} 14. Nh3 {[%emt 0:00:00]} Rhc8 {[%emt 0:00:00]} 15. Be2 {[%eval -59,27] [%emt
0:00:00]} (15. b3 $11 {[%eval 0,30]}) 15... Ne5 {[%eval 8,31] [%emt 0:00:00]} (
15... e5 $15 {[%eval -59,27]}) 16. f4 {[%eval -33,29] [%emt 0:00:00]} (16. Rhd1
$11 {[%eval 8,31] should be considered.}) 16... Ng6 {[%emt 0:00:00]} 17. Bf3 $1
{[%emt 0:00:00]} Bc6 {[%emt 0:00:00]} 18. Rhd1 {[%emt 0:00:00]} Nd7 {[%eval
107,24] [%emt 0:00:00]} (18... Ne8 $11 {[%eval 25,31] keeps the balance.}) 19.
Rd4 {[%eval 56,32] [%emt 0:00:00]} ({Better is} 19. Rxd6 $16 {[%eval 107,24]}
Nh4 20. a5) 19... e5 $14 {[%emt 0:00:00]} 20. fxe5 {[%emt 0:00:00]} dxe5 {
[%emt 0:00:00]} 21. R4d2 $1 {[%emt 0:00:00]} Nc5 {[%emt 0:00:00]} 22. Nd5+ {
[%eval -22,28] [%emt 0:00:00]} (22. a5 $1 $14 {[%eval 54,32]}) 22... Bxd5 $11 {
[%emt 0:00:00]} 23. exd5 $2 {[%eval -227,22] [%emt 0:00:00] [#]} (23. Rxd5 $15
{[%eval -32,29]} f6 24. b4 Nxa4 25. Rd7+ Kf8 26. Rxb7) 23... Kd6 $2 {[%eval
-72,28] [%emt 0:00:00]} (23... Nb3+ $1 $19 {[%eval -227,22]} 24. Kb1 Nxd2+ 25.
Rxd2 Rd8) 24. Ng5 {[%eval -192,28] [%emt 0:00:00]} (24. Re2 $17 {[%eval -72,28]
is a better defense.}) 24... Rc7 {[%eval -57,29] [%emt 0:00:00]} (24... Nb3+
$19 {[%eval -192,28]} 25. Kb1 Nxd2+ 26. Rxd2 f5) 25. Ne4+ {[%eval -165,28] 
[%emt 0:00:00]} (25. Kb1 $15 {[%eval -57,29]}) 25... Nxe4 $19 {[%emt 0:00:00]}
26. Bxe4 {[%emt 0:00:00]} Ne7 {[%eval -75,28] [%emt 0:00:00]} (26... Rc4 $142 {
[%eval -158,26]} 27. Bxg6 hxg6) 27. Rf1 {[%emt 0:00:00]} Rc4 {[%emt 0:00:00]}
28. Bxh7 {[%eval -149,27] [%emt 0:00:00]} (28. Re2 $15 {[%eval -60,32]} f5 29.
Bxf5) 28... Rxa4 $17 {[%emt 0:00:00][%cal Ra4a1]} 29. c3 {[%eval -254,26] 
[%emt 0:00:00] [#]} (29. Kb1 $17 {[%eval -140,32]} Rh8 30. b3) 29... e4 $2 {
[%eval 44,26] [%emt 0:00:00][%mdl 32768] Accuracy: White = 34%, Black = 43%. .
Loss on time!?} ({Black should try} 29... f5 $1 $19 {[%eval -254,26]} 30. Kc2
g6 31. Bxg6 Nxg6 32. Rxf5 Rf8) 0-1

[Event "89_| Campeonato Brasileiro 2023"]
[Site "Recife"]
[Date "2023.12.20"]
[Round "10.8"]
[White "Filgueiras, Nathan Felipe"]
[Black "De Siqueira, Luigy Lira"]
[Result "1-0"]
[WhiteElo "2295"]
[BlackElo "2202"]
[Annotator "Stockfish 16 (CB)"]
[PlyCount "62"]
[EventDate "2023.??.??"]
[EventCountry "BRA"]
[WhiteClock "1:06:19"]
[BlackClock "0:56:44"]

{[%evp 13,49,9,11,9,8,13,38,43,38,34,49,40,43,46,46,38,38,35,79,17,16,14,55,31,
34,34,40,38,51,49,56,38,41,18,18,7,9,9]} 1. c4 e6 2. Nf3 d5 3. e3 Nf6 4. Nc3
Be7 5. b3 O-O 6. Bb2 c5 7. cxd5 exd5 8. d4 {A13: English Opening: 1...e6.} Nc6
9. Be2 Be6 10. O-O {White is slightly better.White is slightly better.} Rc8 11.
Rc1 cxd4 12. Nxd4 Nxd4 13. Qxd4 Bc5 14. Qd3 Qe7 15. Bf3 {[%cal Rc3d5]} Rfd8 (
15... Ba3 $14 16. Qb1 (16. Nxd5 Nxd5 17. Rxc8 Rxc8 $14) 16... Bxb2 17. Qxb2 Qd6
) 16. Nb5 {[%eval 17,29]} (16. Ne2 $16) (16. Ne2 $16 {[%eval 79,28]}) 16... a6
$11 17. Nd4 Ba3 {Accuracy: White = 83%, Black = 74%. Predecessor:} 18. Qb1 $146
(18. Rxc8 {with more complications.} Bxc8 19. Bxa3 Qxa3 20. Qd2 h6 21. h3)
18... Bxb2 19. Qxb2 Qd7 20. h3 Rxc1 21. Rxc1 Rc8 22. Rc3 h6 23. a4 a5 24. Be2
Rxc3 25. Qxc3 {[%mdl 32768] 1-0 (61) Hansen,C (2580)-Brynell,S (2485) Malmo
1994. Accuracy: White = 59%, Black = 75%. . Loss on time!? Predecessor:} b6
$146 26. Bd3 Qc8 27. Qb2 Qc5 28. Bf5 Bd7 29. Bxd7 Nxd7 30. Nf5 f6 31. Qd2 Kf7 {
1-0 (61) Hansen,C (2580)-Brynell,S (2485) Malmo 1994} 1-0

[Event "89_| Campeonato Brasileiro 2023"]
[Site "Recife"]
[Date "2023.12.21"]
[Round "11.1"]
[White "Do Valle Cardoso, Lucas"]
[Black "Supi, Luis Paulo"]
[Result "1/2-1/2"]
[WhiteElo "2352"]
[BlackElo "2579"]
[Annotator "Stockfish 16 (CB)"]
[PlyCount "50"]
[EventDate "2023.??.??"]
[EventCountry "BRA"]
[WhiteClock "1:09:44"]
[BlackClock "1:08:01"]

{[%evp 17,34,25,25,24,18,19,25,28,21,26,25,19,21,22,21,11,27,20,82]} 1. e4 c5
2. Nf3 d6 3. d4 cxd4 4. Nxd4 Nf6 5. Nc3 a6 6. Be3 e5 7. Nb3 Be6 8. f3 h5 9. Qd2
Nbd7 10. Nd5 {B90: Sicilian Najdorf: Unusual White 6th moves, 6 Be3 Ng4 and 6
Be3 e5.} Bxd5 {Predecessor:} 11. exd5 $146 g6 12. O-O-O {White has an edge.}
Nb6 13. Kb1 Nbxd5 14. Bg5 {[#] Qxd5! is the strong threat.} Be7 $1 15. Bd3 Qc7
16. Rhe1 O-O-O 17. c4 Nb6 {[%eval 82,26] 1-0 (50) Cheparinov,I (2658)-Duda,J 
(2726) Douglas 2023. Accuracy: White = 88%, Black = 80%.} (17... Nf4 $11 {
[%eval 20,31] remains equal.}) {Predecessor:} 18. c5 $146 Nbd7 19. Bxg6 dxc5
20. Bxf7 Kb8 21. Qe2 Rh7 22. Be6 h4 23. f4 Nh5 24. Bf5 Bxg5 25. Bxh7 Nxf4 {
1-0 (50) Cheparinov,I (2658)-Duda,J (2726) Douglas 2023} 1/2-1/2

[Event "89_| Campeonato Brasileiro 2023"]
[Site "Recife"]
[Date "2023.12.21"]
[Round "11.2"]
[White "Di Berardino, Diego Rafael"]
[Black "Quintiliano Pinto, Renato Rodrigues"]
[Result "1-0"]
[WhiteElo "2477"]
[BlackElo "2489"]
[Annotator "Stockfish 16 (CB)"]
[PlyCount "57"]
[EventDate "2023.??.??"]
[EventCountry "BRA"]
[WhiteClock "0:31:46"]
[BlackClock "0:05:24"]

{[%evp 10,57,0,-36,-27,-26,-34,-30,0,0,0,0,0,0,0,0,0,0,0,0,71,-43,30,21,71,72,
88,0,0,-2,0,-6,0,-8,0,0,0,0,0,12,328,360,673,677,679,663,661,665,657,638]} 1.
d4 d5 2. c4 e6 3. Nc3 c6 4. Nf3 Nf6 5. Qc2 dxc4 6. e4 b5 {[%cal Bb7b5,Bb5b4]
[%mdl 32] D43: Semi-Slav: 5 Bg5 h6.} 7. Be2 Bb7 8. O-O Nbd7 {Black has an edge.
} 9. b3 b4 10. e5 Nd5 {[#] aiming for ...cxb3.} 11. Bg5 Qc7 12. Nxd5 cxd5 13.
bxc4 dxc4 14. Bxc4 h6 {[#]} (14... Bd5 $11 15. Nd2 h6) 15. Bh4 $146 (15. Be3 $1
$16) ({Predecessor:} 15. Be3 Bd5 16. Bxd5 Qxc2 17. Bxa8 Qc8 18. Be4 Nb6 19.
Rac1 Qa6 20. Bc6+ Kd8 21. d5 Nxd5 {1-0 (30) Lang,F (1988)-Heiermann,L (1843)
ICCF email 2019}) 15... Rc8 (15... g5 $15 16. Bg3 Rc8) 16. Rac1 $11 Be7 (16...
g5 $11 {remains equal.} 17. Bg3 g4) 17. Bxe7 $16 Kxe7 18. Qd2 ({Better is} 18.
Qa4 $16 {Strongly threatening Bxe6!} Qb6 19. Bb5 Rxc1 20. Rxc1) 18... Qa5 19.
d5 exd5 20. Bb3 Rxc1 21. Rxc1 {Black must now prevent Nd4.} Re8 22. Qf4 {
e6! is the strong threat.} Kf8 23. Qf5 Nc5 24. Qh7 $40 {[%mdl 128] And now Nd4
would win. White mounts an attack.} Ne6 $2 {[%mdl 8192]} (24... Nxb3 $11 25.
axb3 d4) 25. Nh4 $18 {Nf5 would kill now.} g6 $2 (25... Nd4 26. Rd1 (26. Qh8+
Ke7 $11) 26... Qc7) 26. Qh8+ {White is clearly winning.} Ke7 27. Qf6+ Kd7 28.
Qxf7+ Re7 29. Qxg6 {Precisão: Brancas 87%, Pretas 54%.} 1-0